00767nam a2200229Ia 4500003000400000005001700004008004100021020002900062040001700091082002100108100002600129245009500155250001200250260003100262300002000293500001900313650002400332650002300356942000900379952013400388999001500522IIN20250430130426.0250430s2023 xx ad 001 0 eng d cRs.650.00a9789354659287 aIINbEnglish a610.730693 bCOR1 aCorreia, Sister Cecy 1 aPrinciples & Practice of Nursing:bSenior Nursing Procedures (Vol.2)/cSister Cecy Correia a2nd ed. aNew Delhi :bJaypee,c2023 axi, 638 p./ v.2 aIncludes Index1 aFoundationvNursing1 aNursing, Practice  cBOOK 00102ddc40708PURCHaIINbIINcGENd2025-03-11g650.00l0o610.730693 CORp1958r2025-04-30 13:03:08tVol.2w2025-04-30yBOOK c1782d1782